000 00595nam a2200241 a 4500
001 nice12345678
003 IN_TiNIC
005 20260116012924.0
008 050524s1921 laha grp 000 0 urd
020 _a
_c100
082 0 0 _a891.4391
_bNAJ1
100 _aNajmul Ghani, Muhammad
245 _aMiftahul Balaghat
260 _aLahore
_bPaisa Newspaper Office
_c1921
300 _a208p
500 _aincludes index and biblioraphy
505 2 _aBibliography, Index
650 _aUrdu-Poetry
700 1 _aNajmul Ghani, Muhammad
902 _bSRS
942 _cBK
999 _c8906
_d8906